| 000 | 00475nam a22001817a 4500 | ||
|---|---|---|---|
| 003 | SISC | ||
| 005 | 20160317150512.0 | ||
| 008 | 130823t xxu||||| |||| 00| 0 eng d | ||
| 020 | _a9781875566389 | ||
| 050 |
_aND 553 _b.D269 1993 |
||
| 082 |
_aHS 700.92 _bD32 1993 |
||
| 100 |
_aDawes, Richard _912813 |
||
| 245 |
_aThe little book of Monet / _cRichard Daves. |
||
| 300 |
_a58 p. ; _c17 cm. |
||
| 650 |
_aMonet, Claude (artist) _912814 |
||
| 942 |
_2lcc _cBK |
||
| 999 |
_c9209 _d9209 |
||